Normal view MARC view
  • Díaz Guzmán, Fabiola

Entry Nombre Personal

Number of records used in: 1

001 - NUMERO DE CONTROL

  • campo de control: 48834

003 - IDENTIFICADOR DE NUMERO DE CONTROL

  • campo de control: UPN

005 - FECHA Y HORA DE LA ÜLTIMA TRANSACCIÓN

  • campo de control: 20230509133702.0

008 - DATOS DE LONGITUD FIJA

  • campo de control de longitud fija: 230509nn acnnnaabn a aaa d

040 ## - FUENTE DE CATALOGACIÓN

  • Agencia original de catalogación: MX-MxUPN
  • Lenguaje de catalogación: spa

100 1# - ENCABEZAMIENTO - NOMBRE PERSONAL

  • Nombre personal: Díaz Guzmán, Fabiola

400 1# - VEÁSE - NOMBRE DE PERSONA

  • Personal name: Guzmán, Fabiola Díaz

670 ## - FUENTE EN LA QUE SE LOCALIZARON DATOS

  • Cita de la fuente: Baja California, 2012:
  • Información localizada: reverso de la portada (Fabiola Díaz Guzmán)

902 ## - CATALOGADOR

  • Catalogador: VíctorGodínez/090523